00948nam a2200193Ia 4500008004100000020001500041041001200056082001600068100001600084245006800100260003900168300000800207650001400215942000700229999001500236952016100251952017100412952017100583221030s9999 xx 000 0 und d a8173193207 aEnglish a105.23bSod aG. S. Sodhi 0afundamental concepts of Environmental Chemistrycby G. S. Sodhi bNarosa Pub. HouseaNew Delhic2002 a465 aChemistry cBK c1853d1853 pBE 5090g350.00l0o105.23 Sodr2024-06-13 00:00:00w2022-10-30yBK003Print4071aMIETLIBbMIETLIBcBL-Second, FL-1, CUP-59, SH-5, R-5d2002-05-2210HBE pBE 7494g350.00l0o105.23 Sodr2024-06-13 00:00:00w2022-10-30yBK003Print4070aMIETLIBbMIETLIBcBL-Academic Block A, FL-1, CUP-19, SH-5, R-5d2005-01-2410HBE pBE 7493g350.00l0o105.23 Sodr2024-06-13 00:00:00w2022-10-30yBK003Print4070aMIETLIBbMIETLIBcBL-Academic Block A, FL-1, CUP-19, SH-5, R-5d2005-01-2410HBE